| 000 | 00742cam a2200217 4500 | ||
|---|---|---|---|
| 001 | WB3624-26 | ||
| 008 | 000000n2000 000 0 eng u | ||
| 035 | _a(Sirsi) u106592 | ||
| 245 | _aWWF criticises nature sites list | ||
| 260 | _c2000 | ||
| 490 |
_aIrish Times _v 19 June 2000, 3(1) |
||
| 520 | _aProposals put forward by European governments will not protect almost a quarter of Europe's important wildlife sites according to the WWF. It proposes 1,500 additional sites that require protection. | ||
| 590 | _aWB | ||
| 650 | _aWILDLIFE SITES | ||
| 650 | _aWORLD WIDE FUND FOR NATURE | ||
| 650 | _aENDANGERED SPECIES | ||
| 650 | _aHABITATS DIRECTIVE | ||
| 650 | _aEUROPE | ||
| 690 | _aRURAL-NATURE CONSERVATION | ||
| 942 | _n0 | ||
| 999 |
_c63823 _d63823 |
||